| 000 | 00586nam a2200193Ia 4500 | ||
|---|---|---|---|
| 005 | 20250508164832.0 | ||
| 008 | 008 250505s9999 xx 000 0 eng d | ||
| 037 | _aDissertations | ||
| 040 |
_aFEDL _beng _cFEDL |
||
| 041 |
_aeng _2eng |
||
| 084 |
_a370.1, MAH/DI _qFEDL |
||
| 100 | _aMahesh Kumar | ||
| 245 | 0 | _aGandhi's philosophy of work and education as reflected in Indian educational policy documents | |
| 260 | _c2009 | ||
| 300 | _a292p. | ||
| 546 | _aM.Phil Dissertation, (Delhi University) | ||
| 942 |
_cDIS _h370.1, MAH/DI |
||
| 999 |
_c1391490 _d1391490 |
||